000 00571cam a22002053a 4500
001 45199
003 PGUSA
005 20140828084032.0
008 140324s2014||||xxu|||||s|||||000 | eng d
040 _aPGUSA
_beng
042 _adc
100 1 _aSassoon, Siegfried,
_d1886-1967
245 1 4 _aThe War Poems
_h[electronic resource] /
_cSiegfried Sassoon
260 _bProject Gutenberg,
_c2014
506 _aPublic domain in the USA.
516 _aElectronic text
830 0 _aProject Gutenberg
_v45199
856 4 0 _uhttp://www.gutenberg.org/ebooks/45199
942 _cEB
999 _c274450
_d274450